Psicología pedagógica
Guardat en:
| Autor principal: | |
|---|---|
| Format: | Llibre |
| Idioma: | espanyol |
| Publicat: |
Chicago
D. Appleton
1909
|
| Col·lecció: | Biblioteca del Maestro
|
| Matèries: | |
| Etiquetes: |
Afegir etiqueta
Sense etiquetes, Sigues el primer a etiquetar aquest registre!
|
MARC
| LEADER | 00000nam a2200000 a 4500 | ||
|---|---|---|---|
| 001 | UCZ6506 | ||
| 003 | CL-VaPUC | ||
| 008 | 951211e19090000US |||||||||||||||||spa|d | ||
| 082 | 0 | 4 | |a 370.15 |b SUL |2 21 |
| 100 | 0 | |a Sully, James |e author |9 350849 | |
| 245 | 1 | 0 | |a Psicología pedagógica |
| 300 | |a 468 p | ||
| 942 | |c BK | ||
| 945 | |d 19951211 00:00:00 |a cmena | ||
| 260 | |a Chicago |b D. Appleton |c 1909 | ||
| 650 | 0 | |a Psicología educacional |9 307830 | |
| 650 | 0 | |a Motivación |9 315362 | |
| 650 | 0 | |a Aprendizaje |9 254827 | |
| 650 | 0 | |a Procesos de aprendizaje |9 309161 | |
| 650 | 0 | |a Inteligencia |9 267038 | |
| 650 | 7 | |a TESTS |2 CL-VaPUC |9 309359 | |
| 650 | 7 | |a RELACION DOCENTE ALUMNO |2 CL-VaPUC |9 307734 | |
| 650 | 0 | |a Trastornos del aprendizaje |9 307969 | |
| 650 | 0 | |a Trastornos del comportamiento |9 311363 | |
| 583 | |a last modification |c 19951211 00:00:00 |k Rodrigo Vera | ||
| 490 | 0 | |a Biblioteca del Maestro | |
| 999 | |c 242705 |d 242703 | ||
| 952 | |0 0 |1 0 |4 0 |6 370_150000000000000_SUL_1909 |7 0 |8 P |9 255827 |a BIBEDU |b BIBEDU |c BIBEDU_PB |d 2019-11-19 |i 1604090 |o 370.15 SUL 1909 |p 1604090 |r 2024-01-25 |w 2019-11-19 |y BK |k EDU | ||